|
|
|
|
| LEADER |
00000nab a2200000 a 4500 |
| 001 |
vtls001494701 |
| 003 |
SK-MaSNL |
| 005 |
20260303101715.0 |
| 008 |
160314c2004 xo |||||||| |000 b|hun |
| 015 |
|
|
|a SNBRB2005/02
|2 snkbucl
|
| 038 |
|
|
|a SNKBUCL
|
| 040 |
|
|
|a DSZK
|b slo
|c DSZK
|e AACR2
|
| 041 |
0 |
|
|a slo
|
| 044 |
|
|
|a xo
|c SK
|
| 080 |
|
|
|a 821.511.141 (498)-2=511.141
|2 UDC-MRF-SK2
|
| 100 |
1 |
|
|a Karácsonyi, Zsolt,
|d 1977-
|4 aut
|9 653623
|
| 245 |
1 |
0 |
|a Dodóra várva
|b ráirat. bűntörténet két felvonásban, vívójelenettel
|c Karácsonyi Zsolt ; illusztrálta Komlovszky-Szvet Tamás
|
| 300 |
|
|
|b Obr.
|
| 650 |
0 |
7 |
|a divadelné hry
|2 snkbucl
|9 79680
|
| 700 |
1 |
|
|a Komlovszky-Szvet, Tamás
|4 ill
|9 1074612
|
| 773 |
0 |
|
|t Szőrös kő
|g Évf. 9, sz. 6 (2004), o. 6-17
|x 1335-6321
|
| 852 |
|
|
|a SNK
|b KIS3GCP
|
| 852 |
|
|
|a DSZK
|b KIS3GCP
|
| 958 |
|
|
|a HU
|
| 958 |
|
|
|a RO
|
| 958 |
|
|
|a LX
|
| 999 |
|
|
|c 1839813
|d 1841743
|